Tablas estadísticas para investigadores, científicos, económicos, demográficos y especialmente biologícos, agronómicos y médicos (Registro nro. 1329)
[ vista simple ]
| 000 -LEADER | |
|---|---|
| fixed length control field | 02593 a2200241 4500 |
| 001 - CONTROL NUMBER | |
| control field | 25221 |
| 005 - DATE AND TIME OF LATEST TRANSACTION | |
| control field | 20260407155536.0 |
| 008 - FIXED-LENGTH DATA ELEMENTS--GENERAL INFORMATION | |
| fixed length control field | 260407a1963 arg spa d |
| 003 - CONTROL NUMBER IDENTIFIER | |
| control field | AR-UNSa-BCEJYS |
| 040 ## - CATALOGING SOURCE | |
| Original cataloging agency | AR-UNSa-BCEJYS |
| Language of cataloging | spa |
| Transcribing agency | AR-UNSa-BCEJYS |
| 080 ## - UNIVERSAL DECIMAL CLASSIFICATION NUMBER | |
| Universal Decimal Classification number | 519.2 |
| Common auxiliary subdivision | Probabilidades y estadística matemática<br/> |
| 100 1# - MAIN ENTRY--PERSONAL NAME | |
| Personal name | Ruiz Magan, Juan |
| 245 10 - TITLE STATEMENT | |
| Title | Tablas estadísticas para investigadores, científicos, económicos, demográficos y especialmente biologícos, agronómicos y médicos |
| 250 ## - EDITION STATEMENT | |
| Edition statement | 3a. ed |
| 264 #1 - PRODUCTION, PUBLICATION, DISTRIBUTION, MANUFACTURE, AND COPYRIGHT NOTICE | |
| Place of production, publication, distribution, manufacture | Madrid : |
| Name of producer, publisher, distributor, manufacturer | Aguilar |
| Date of production, publication, distribution, manufacture, or copyright notice | 1963 |
| 300 ## - PHYSICAL DESCRIPTION | |
| Extent | 131 p. |
| Dimensions | 30 cm. |
| 505 ## - FORMATTED CONTENTS NOTE | |
| Formatted contents note | 1. La distribución normal - 2. Ordenadas de la distribución normal - 3. Distribución de T(probabilidad) - 4. Distribución de X2(probabilidad) - 5.Distribución de Z y de razón de varianza - 6. El coefieniente de correlación.Valores del coeficiente de correlación para diferentes niveles de significación - 7. El coeficiente de correlación.Transformación de r en z (interclases) - 8. Pruebas de significación por tablas de contingencia 2x2 - 9. Probitas. Transformación de la curva sigmoide de mortalidad por dosificación en una línea recta - 10. Cuantilas sencillas de la distribución normal.Fracciones propias, con denominadores hasta 30, y las correspondientes desviaciones normales - 11. Probitas.Coeficientes de ponderación cuando hay mortalidad entre controles - 12. Transformación angular.Transformación de porcentajes en grado - 13. Transformación angular. Tarnsformación angular.Transformación de fracciones propias en grados - 14. Transformación angular.Valores angulares para ajustes de especial exactitud - 15. Cuadrados latinos - 16. Series completas de cuadros latinos ortogonales - 17. Bloques incompletos equilibrados. Soluciones combinatorias - 18. Bloque incompletos equilibrados.Indice para el número de repeticiones - 19. Bloque incompletos equilibrados. Indice para el número de unidades en un bloque - 20. Recuentos por datos ordinales(o por rangos) - 21. Recuentos por datos ordinales - 22. Diferncias iniciales de potencias de números naturales - 23. Polinomios ortogonales - 24. Cálculo de integrales de ordenadas igualmente espaciales - 25. Logaritmos - 26. Logaritmos naturales - 27. Cuadrados - 28. Raíces cuadradas - 29. Recíprocos - 30. Factoriales - 31. Senos naturales - 32. Tangentes naturales - 33. Números causales o aleatorios - 34. Constantes, pesas y medidas, etc. |
| 590 ## - LOCAL NOTE (RLIN) | |
| Local note | niveau_biblio:m niveau_hierar:0 |
| 700 1# - ADDED ENTRY--PERSONAL NAME | |
| Personal name | Fisher, Roland A. |
| 700 1# - ADDED ENTRY--PERSONAL NAME | |
| Personal name | Yates, Frank |
| 700 1# - ADDED ENTRY--PERSONAL NAME | |
| Personal name | Ruiz Rubio, Juan Jose |
| 942 ## - ADDED ENTRY ELEMENTS (KOHA) | |
| Koha item type | |
| Withdrawn status | Lost status | Damaged status | Not for loan | Home library | Current library | Shelving location | Date acquired | Total checkouts | Full call number | Barcode | Date last seen | Price effective from | Koha item type |
|---|---|---|---|---|---|---|---|---|---|---|---|---|---|
| Biblioteca Prof. Eusebio Cleto del Rey | Biblioteca Prof. Eusebio Cleto del Rey | 07/04/2026 | 519.2 F532t 3ed. | L22814 | 07/04/2026 | 07/04/2026 | Libro |